Responses for Show #3614 - Thursday, April 27, 2000

Contestants

[<< previous game]

Jen Tomas, a student and retail sales manager from San Francisco, California

David Smith, a small business analyst from San Diego, California

Alan Taber, a mechanical engineer from Lancaster, California (whose 1-day cash winnings total $19,801)

[next game >>]

Jeopardy! Round responses

A DAY AT THE RACES
BLONDE ON BLONDE
THE MIDDLE AGES
MONTHS
LITERARY TITLE CHARACTERS
COLORFUL WORDS & PHRASES
    $100 25
Madonna

David
    $100 1
Robin Hood

Alan
    $100 20
October

Jen
    $100 6
"Moby Dick"

Alan
    $100 10
Redcoats

David
    $200 11
(J: What is a thoroughbred?)

Mare

DavidJen
    $200 26
Marilyn Monroe

Triple Stumper
    $200 2
(J: What is a sacresty?)

Sanctuary

AlanJen
    $200 21
May

David
    $200 7
(D: Who is "Dr. Strangelove?")

"Dr. Faustus"

AlanDavid
    $200 16
Silverware

Jen
    $300 12
(D: No response)

Mudder

AlanDavid
    $300 27
Tipper Gore

David
    $300 3
(J: What is a dictionary?)
(Alex: Just like the ones I wear; same reason, too!)

Eyeglasses

AlanJen
    $300 22
January

Jen
    $300 8
"Lolita"

Alan
    $300 17
White out

Alan
    $400 13
(D: No response)
(A: What is a chestnut?)

Bay

AlanDavid
Triple Stumper
    $400 28
Cybill Shepherd

David
    $400 4
Dracul

David
    $500 23
(J: What is July?)
(we have less than a minute to go...)

June

Jen
    $400 9
"Cyrano de Bergerac"

Jen
    $400 18
Blue laws

David
    $500 14
Claiming race

Alan
    $500 29
(buzzer sounds)

Heather Graham

Alan
    $500 5
(D: What is France?)

Switzerland

AlanDavid
    $500 24
July

Triple Stumper
    $500 15
"Lady Chatterley's Lover"

Triple Stumper
    $500 19
Green Bay Packers

Alan

Scores at the first commercial break (after clue 14):

Alan David Jen
$2,100 -$700 -$300

Scores at the end of the Jeopardy! Round:

Alan David Jen
$3,400 $700 -$200

Double Jeopardy! Round responses

A NIGHT AT THE OPERA
DEPENDENCIES
(Alex: We want you to name the country that controls the dependencies we will mention in our clues.)
SHORTS
HAIL TO THE CHIEF
CORPORATE AMERICA
"SEX" SELLS
    $200 7
Pearls

Alan
    $200 2
United States

Alan
    $200 1
(Alex: And Shemp was my favorite!)

The Three Stooges

David
    $200 15
(J: Who is Quincy Adams?)
(Alex: We need both...)

John Adams & John Quincy Adams

DavidJen
    $200 19
Blockbuster

Jen
    $200 18
(A: What is a sextagenarian?)

Sexagenarian

Alan
Triple Stumper
    $400 8
A day

David
    $400 3
Denmark

Alan
    $400 12
Mr. Bill

David
    $1,700 16
Mexico

David
    $400 20
"Sex and the Single Girl"

David
    $600 9
"The Barber of Seville"

David
    $600 4
Great Britain

David
    $600 13
Sandra Bullock

Alan
    $600 25
Harry S. Truman

Alan
    $600 27
Illinois

Alan
    $600 21
(minute to go...)

Sex, Lies, and Videotape

Triple Stumper
    $800 10
"The Great Gatsby"

Alan
    $800 5
(D: What is Chile?)
(A: What is the United States?)

Australia

AlanDavid
Triple Stumper
    $800 14
(A: Who are Wallace & Gromit?)

Laurel & Hardy

Alan
    $800 26
Martin Van Buren

Alan
    $800 23
(D: What is Mars?)

Hershey's

AlanDavid
    $800 22
Sextant

Alan
    $1000 11
Tchaikovsky

Triple Stumper
    $1000 6
The Netherlands/Holland

David
    $1000 17
Jane Campion

Triple Stumper
    $1000 28
(David: Who is Cleveland?)
[The end-of-round signal sounds.]

Warren G. Harding

David
Triple Stumper
    $1000 24
Daimler Chrysler

Alan

Scores at the end of the Double Jeopardy! Round:

Alan David Jen
$8,400 $3,600 -$200
(lock game)

[wagering suggestions for these scores]

Final Jeopardy! Round responses

STATE NAME ORIGINS
(Alex: The Carolinas for King Charles, Georgia for George, and Louisiana for Louis.)
DavidWhat are Georgia,
$3,599
AlanWhat is Virginia, North
$1,199
(3 of) Georgia, Louisiana, North Carolina & South Carolina

Final scores:

Alan David Jen
$7,201 $1 -$200
2-day champion: $27,002 2nd place: Trip/Cruise in Hawaii 3rd place: $1,000 Shopping Spree courtesy of Sony Card

Game dynamics:

Coryat scores:

Alan David Jen
$9,200 $2,300 $300
23 R,
4 W
(including 1 DD)
17 R
(including 1 DD),
7 W
5 R,
5 W
(including 1 DD)

Combined Coryat: $11,800

[game clues] [game scores] [suggest correction]

Game tape date: Unknown
The J! Archive is created by fans, for fans. Scraping, republication, monetization, and malicious use prohibited; this site may use cookies and collect identifying information. See terms. The Jeopardy! game show and all elements thereof, including but not limited to copyright and trademark thereto, are the property of Jeopardy Productions, Inc. and are protected under law. This website is not affiliated with, sponsored by, or operated by Jeopardy Productions, Inc. Join the discussion at JBoard.tv.